000 00660nam a2200217Ia 4500
005 20260601193244.0
008 260601s9999||||xx |||||||||||||| ||und||
020 _a978-3-031-63790-2
_qebk
100 _aSilvia Bonfanti
245 0 _aRigorous State-Based Methods
250 _a2024
260 _aHeidelberg, Germany
_bSpringer Nature
_c2024
440 _aLecture Notes in Computer Science
650 _aComputer Science
700 _aAngelo Gargantini
700 _aElvinia Riccobene
700 _aMichael Leuschel
700 _aPatrizia Scandurra
856 _uhttps://link.springer.com/openurl?genre=book&isbn=978-3-031-63790-2
942 _cEB
_2ddc
999 _c56522
_d56522